Регионална библиотека "Любен Каравелов" - Русе

[Хиляда осемстотин четиридесет и осма] 1848 - 1850 (Запис номер 28116)

MARC детайли
000 -Лидер
Контролно поле с фиксирана дължина 01038nam a2200265 c 4500
003 - Код на организацията, давaща контролен номер
Контролно поле BLK
005 - Дата и час на последна редакция
Контролно поле 20180420220212.0
008 - Елементи от данни с фиксирана дължина
fixed length control field 180407b bul|||||r ||||||| ||bul||
010 ## - Наследен системен номер
LC control number KNG00030707000
040 ## - Източник на каталожния запис
Идентификатор на билиотеката - собственик на записа BLK
041 ## - Код за език
Код за езика на текст/звукозапис или на отделно заглавие Български
Код за езика КДБФ Български
080 ## - УДК
Текстов определител УДК История на Унгария. Вж и 943.6
УДК код - определител по УДК 943.9
УДК определител
УДК - код + определител 943.9
080 ## - УДК
Текстов определител УДК История на България
УДК код - определител по УДК 94(497.2)
УДК определител
УДК - код + определител 94(497.2)
139 ## - Редно поле
Редна дума Арато, Дьордь
Авторски знак Ар - А 80
245 10 - Сведения за заглавието
Заглавие [Хиляда осемстотин четиридесет и осма] 1848 - 1850
Подзаглавни данни Студии за унгарската война за независимост и нейния български контекст
Редно поле (дума) съавт. Дьордь Арато.
260 ## - Област на издателските данни
-- София
Име на издателя, разпространителя и проч. Огледало
Година на издаване 1999
300 ## - Физическа характеристика
Страници 208 с.
Размери/Мащаб 21 см
380 ## - Жанр
Жанр История
700 1# - Други автори (авторска отговорност)
Лично име Арато, Дьордь
Автороска отговорност (Описва отношението между автора и произведението) съавт.
9 (RLIN) 33295
852 ## - Местоположение
Форматна сигнатура Цб 203648
856 4# - Електронен адрес и достъп
Електронен формат pdf - файл
Път до файла /url/
856 4# - Електронен адрес и достъп
Електронен формат pdf - файл
Път до файла /url/
942 ## - АРТИКУЛИ
Вид на библиотечния материал Книги
Скрит в OPAC Не
944 ## - СЪЗДАВАНЕ И РЕДАКЦИЯ на ЗАПИСА
Създаване/Редакция Създаване
Дата на регистрацията/редакция 15.01.2003
Служител, извършил регистрацията/редакцията AB_DOS
944 ## - СЪЗДАВАНЕ И РЕДАКЦИЯ на ЗАПИСА
Създаване/Редакция Редакция
Дата на регистрацията/редакция 30.01.2017
Служител, извършил регистрацията/редакцията Силвестър_Спасов
999 ## - СИСТЕМНИ КОНТРОЛНИ НОМЕРА
Koha biblionumber 28116
Koha biblioitemnumber 28116
Наличности
Код за отписване Код за изгубен артикул Източник на класификационната схема Код за повреда Коз за рестрикции Код за отдаване Артикулен № Име на библиотеката - собственик Име на библиотеката, в която се намира в момента Статус (Текущо местоположение) Дата на вписване в системата Местоположение - отдел Цена в лева Инвентарен номер Систематично азбучна сигнатура Баркод Номер на екземпляра Цена в евро Служебна бележка Служебен тип на артикула
  Не е изгубен Universal Decimal Classification Не е повреден без рестрикции заемане за дома 45244 Регионална библиотека "Любен Каравелов" Русе Регионална библиотека "Любен Каравелов" Русе Дубликат 2001-01-01 Заемна - подръчен фонд 5.00 653552 П 941/949/Х 49 120000653552 1 2.56 Дата инв: 16.02.2018 Бележки инв: П2018 Книги
  Не е изгубен Universal Decimal Classification Не е повреден без рестрикции ползва се в читалня 45245 Регионална библиотека "Любен Каравелов" Русе Регионална библиотека "Любен Каравелов" Русе Хранилище 2001-01-01 Хранилище 0.00 653906 Цб 203648 120000653906 2 0.00   Книги
Vip Innovations Ltd, Rousse, Bulgaria 2025